Girl Meets World Quiz - Statistics

General Stats
  • This quiz has been taken 1,598 times
  • The average score is 7 of 13
Answer Stats
Hint Answer % Correct
Who is Riley's best friend Maya
98%
How many children do topanga and cory have? 2
96%
who does riley have a crush on? lucas
94%
Who is the father? cory
90%
Where is lucas friar from? texas
73%
does sabrina's sister play sarah? yes
45%
how old are the characters 12
42%
how old is sabrina carpenter? 15
41%
whats the theme song named? take on the world
38%
in one episode,who has a paint fight? maya and riley
28%
who is farkle? riley's friend
13%
who sings the theme song? rowan and sabrina
12%
who plays the character riley? rowan blanchard
9%
No matching quizzes found
Score Distribution
Percent of People with Each Score
Percentile by Number Answered
Your Score History
You have not taken this quiz